| 000 -ლიდერი |
| ფიქსირებული სიგრძის საკონტროლო ველი |
01553nam a22002297a 4500 |
| 003 - საკონტროლო ნომრის იდენტიფიკატორი |
| საკონტროლო ველი |
Ge_BSU |
| 005 - ბოლო ოპერაციის თარიღი და დრო |
| საკონტროლო ველი |
20220729135433.0 |
| 008 - ფიქსირებული სიგრძის მონაცემთა ელემენტები - ზოგადი ინფორმაცია |
| ფიქსირებული სიგრძის საკონტროლო ველი |
211207s2021 ge ||||| |||| 00| 0 geo d |
| 041 ## - ენის კოდი |
| Language code of text/sound track or separate title |
geo |
| 080 ## - უნივერსალური ათობითი კლასიფიკაციის ინდექსი |
| Universal Decimal Classification number |
902/904 ბ-97 |
| 100 ## - მთავარი ჩანაწერი - პიროვნების სახელი |
| Personal name |
ბურკაძე, ლანა |
| 9 (RLIN) |
13190 |
| 245 ## - ცნობა სათაურის შესახებ |
| Title |
რომაული სამხედრო დასახლებები კოლხეთში : |
| Remainder of title |
დისერტაცია / |
| Statement of responsibility, etc |
ლანა ბურკაძე; სამეცნ. ხელ-ლი ე. კახიძე ; ბსუ. ჰუმანიტარულ მეცნიერებათა ფაკულტეტი. ისტორიის არქეოლოგიისა და ეთნოგრაფიის დეპარტამენტი. |
| 264 ## - წარმოების, გამოცემის, დისტრიბუციის და სხვა ცნობები |
| გამოცემის, წარმოების, დისტრიბუციის... ადგილი |
ბათუმი, |
| გამოცემის, წარმოების, დისტრიბუციის... თარიღი |
2021. |
| 300 ## - ფიზიკური აღწერა |
| Extent |
154 გვ. : |
| Other physical details |
სურ.; |
| Dimensions |
30 სმ. |
| 501 ## - შენიშვნა თანმხლებ მასალაზე |
| With note |
სურ. გვ. 130-154 |
| 504 ## - BIBLIOGRAPHY, ETC. NOTE |
| Bibliography, etc |
ბიბლიოგრ. გვ. 121-128 |
| 653 ## - INDEX TERM--UNCONTROLLED |
| Uncontrolled term |
ისტორია |
| 653 ## - INDEX TERM--UNCONTROLLED |
| Uncontrolled term |
რომაული სამხედრო დასახლებები კოლხეთში |
| 700 ## - ADDED ENTRY--PERSONAL NAME |
| Personal name |
კახიძე, ე. |
| Relator term |
სამეცნიერო ხელმძღვანელი |
| 9 (RLIN) |
1464 |
| 710 ## - ADDED ENTRY--CORPORATE NAME |
| Corporate name or jurisdiction name as entry element |
ბსუ. ჰუმანიტარულ მეცნიერებათა ფაკულტეტი. |
| Subordinate unit |
ისტორიის არქეოლოგიისა და ეთნოგრაფიის დეპარტამენტი. |
| 9 (RLIN) |
13191 |
| 942 ## - ADDED ENTRY ELEMENTS (KOHA) |
| Source of classification or shelving scheme |
|
| Koha item type |
დისერტაცია |